| 000 | 00452nam a2200145 i 4500 | ||
|---|---|---|---|
| 001 | 74095 | ||
| 003 | ES-MaACL | ||
| 005 | 20230906172021.0 | ||
| 007 | t| | ||
| 008 | 040915s1905 sp ||||1| spa d | ||
| 100 | 1 |
_aGonzález Cobos, Rafael. _958513 |
|
| 245 | 1 | 0 |
_aOrígenes, formas y vicisitudes de la propiedad colectiva en la provincia de Salamanca / _cRafael González Cobos. |
| 260 |
_aSalamanca : _b[s.n., _c1905] |
||
| 852 |
_aES-MaACL _jT-1075-F-2 |
||
| 999 |
_c74095 _d74095 |
||